[Event "57th ch-RUS"]
[Site "Moscow RUS"]
[Date "2004.11.15"]
[Round "1"]
[White "Dreev,A"]
[Black "Timofeev,Arty"]
[Result "1/2-1/2"]
[WhiteElo "2698"]
[BlackElo "2611"]
[EventDate "2004.11.15"]

1. d4 Nf6 2. c4 g6 3. Nc3 d5 4. Bg5 Ne4 5. Bh4 Bg7 6. cxd5 Nxc3 7. bxc3
Qxd5 8. e3 c5 9. Qf3 Qxf3 10. Nxf3 Nc6 11. Rb1 O-O 12. Bd3 Re8 13. Be4 cxd4
14. cxd4 e5 15. Bxc6 bxc6 16. Nxe5 c5 17. O-O cxd4 18. exd4 Bxe5 19. dxe5
Rxe5 20. Rfe1 1/2-1/2

[Event "57th ch-RUS"]
[Site "Moscow RUS"]
[Date "2004.11.15"]
[Round "1"]
[White "Motylev,A"]
[Black "Grischuk,A"]
[Result "0-1"]
[WhiteElo "2651"]
[BlackElo "2704"]
[EventDate "2004.11.15"]

1. e4 c5 2. Nf3 d6 3. d4 cxd4 4. Nxd4 Nf6 5. Nc3 a6 6. f3 e6 7. Be3 b5 8.
g4 h6 9. Qd2 Nbd7 10. O-O-O Ne5 11. g5 hxg5 12. Bxg5 Bb7 13. Rg1 Qa5 14. a3
Rc8 15. Kb1 Rxc3 16. Qxc3 Qxc3 17. bxc3 Rxh2 18. Bf4 Rh5 19. Rg5 Rxg5 20.
Bxg5 Nfd7 21. a4 bxa4 22. Be2 Nc5 23. c4 g6 24. Rh1 Ned7 25. Rh8 e5 26. c3
exd4 27. cxd4 Bxe4+ 28. fxe4 Nxe4 29. c5 Nxg5 30. c6 Nb6 31. Bxa6 Ne6 32.
Ka2 d5 33. Rh1 Bd6 34. Rh8+ Ke7 0-1

[Event "57th ch-RUS"]
[Site "Moscow RUS"]
[Date "2004.11.15"]
[Round "1"]
[White "Epishin,V"]
[Black "Morozevich,A"]
[Result "1/2-1/2"]
[WhiteElo "2599"]
[BlackElo "2758"]
[EventDate "2004.11.15"]

1. d4 d5 2. c4 c6 3. Nf3 Nf6 4. e3 Bf5 5. Nc3 e6 6. Nh4 Be4 7. f3 Bg6 8.
Qb3 Qc7 9. cxd5 cxd5 10. Bd2 Nc6 11. Rc1 a6 12. Ne2 Bd6 13. g3 Qe7 14. Nxg6
hxg6 15. Bg2 g5 16. e4 Bb4 17. e5 Nd7 18. Qe3 Bxd2+ 19. Qxd2 Qb4 20. Rc3 a5
21. O-O a4 22. f4 gxf4 23. Rxf4 Nb6 24. b3 axb3 25. axb3 Ra1+ 26. Bf1 O-O
27. Qd3 Nd7 28. Rh4 f5 29. Qf3 Rfa8 30. Qh5 Nf8 31. Rf3 Qd2 32. Rf2 Qe3 33.
Kg2 R8a2 34. Qh8+ Kf7 35. Rhf4 Ne7 36. Qh5+ Nfg6 37. h4 Kg8 38. R4f3 Qe4
39. Qg5 Qg4 40. Qxg4 fxg4 41. Rc3 Nf5 42. Rd3 Rb1 43. h5 Nge7 44. Nf4 Rbb2
45. Rxb2 Rxb2+ 46. Kg1 Kf7 47. Be2 Nc6 48. Bxg4 Nfxd4 49. Re3 b5 50. Re1
Rxb3 51. Kg2 Rb2+ 52. Kh3 Rf2 53. Nd3 Nf3 54. Rh1 Rd2 55. Nf4 Ncxe5 56.
Bxe6+ Kf6 57. Bxd5 Kf5 58. Be6+ Kg5 59. Bd5 b4 60. Ne6+ Kxh5 61. Nxg7+ Kh6
62. Bxf3 Kxg7 63. Be4 b3 64. g4 b2 65. Kg3 Nf7 66. Kf4 Rd4 67. Ke3 Rb4 68.
Bb1 Rxg4 69. Kd3 Rg2 70. Kc3 Ne5 1/2-1/2

[Event "57th ch-RUS"]
[Site "Moscow RUS"]
[Date "2004.11.15"]
[Round "1"]
[White "Tseshkovsky,V"]
[Black "Svidler,P"]
[Result "0-1"]
[WhiteElo "2577"]
[BlackElo "2735"]
[EventDate "2004.11.15"]

1. e4 c5 2. Nf3 d6 3. d4 cxd4 4. Nxd4 Nf6 5. Nc3 a6 6. Be2 e5 7. Nb3 Be7 8.
O-O O-O 9. Kh1 Nc6 10. f3 Be6 11. Nd5 a5 12. c3 a4 13. Nxf6+ Bxf6 14. Nd2
Ne7 15. a3 h6 16. Bc4 d5 17. exd5 Nxd5 18. Ne4 Be7 19. Qe2 Qc8 20. Ba2 Nb6
21. Bxe6 Qxe6 22. Be3 Qc4 23. Qf2 Nd7 24. Rfd1 Rfd8 25. Nd6 Qe6 26. Nb5 Nf6
27. Re1 Qc4 28. Qf1 Rd3 29. f4 Qxb5 30. fxe5 Ng4 31. Bd4 Qd5 32. Qf5 Rxd4
33. cxd4 Qxd4 34. h3 Nf2+ 35. Kh2 g6 36. Qf3 Nd3 37. Qxb7 Re8 38. Re4 Qc5
39. Qd7 Rd8 40. Qxa4 Nxe5 41. Rf1 Kg7 42. Re2 h5 43. Qf4 Rd4 44. Qe3 Qd5
45. Kh1 Bd6 46. Qg5 f5 47. Rfe1 Nf7 48. Qc1 f4 49. Rf2 Rd3 50. Qc8 f3 51.
Rxf3 Rxf3 52. gxf3 Qxf3+ 53. Kg1 Bh2+ 0-1

[Event "57th ch-RUS"]
[Site "Moscow RUS"]
[Date "2004.11.16"]
[Round "2"]
[White "Korotylev,A"]
[Black "Kasparov,G"]
[Result "1/2-1/2"]
[WhiteElo "2596"]
[BlackElo "2813"]
[EventDate "2004.11.15"]

1. d4 Nf6 2. c4 e6 3. Nf3 b6 4. a3 Bb7 5. Nc3 d5 6. Bg5 Be7 7. Qa4+ Bc6 8.
Qb3 dxc4 9. Qxc4 O-O 10. e3 Bb7 11. Be2 Nbd7 12. Rd1 h6 13. Bh4 Qc8 14. O-O
c5 15. Qa2 a6 16. Rc1 Qe8 17. Rfd1 Rc8 18. dxc5 Nxc5 19. Nd4 Nd5 20. Bxe7
Nxc3 21. Rxc3 Qxe7 22. Rdc1 Bd5 23. Qb1 Be4 24. Qa2 Bd5 25. Qb1 Be4 26. Qa2
1/2-1/2

[Event "57th ch-RUS"]
[Site "Moscow RUS"]
[Date "2004.11.16"]
[Round "2"]
[White "Timofeev,Arty"]
[Black "Tseshkovsky,V"]
[Result "1/2-1/2"]
[WhiteElo "2611"]
[BlackElo "2577"]
[EventDate "2004.11.15"]

1. e4 d6 2. d4 Nf6 3. Nc3 g6 4. Be3 a6 5. a4 Bg7 6. Qd2 O-O 7. Nf3 Nc6 8.
h3 e5 9. d5 Ne7 10. Bc4 Bd7 11. a5 Bb5 12. Bxb5 axb5 13. b4 c5 14. dxc6
bxc6 15. O-O d5 16. Bb6 Qb8 17. Bc5 Re8 18. exd5 Nexd5 19. Ra3 Qb7 20. Re1
Nd7 21. Ne4 Red8 22. Nd6 Qb8 23. Ng5 Nxc5 24. bxc5 Ra7 25. Rf3 Rdd7 26. a6
b4 27. Qd3 f5 28. Qc4 e4 29. Rfe3 Bf8 30. f3 Bxd6 31. cxd6 Qb5 32. Qxb5
cxb5 33. Rb3 e3 34. Rd3 Rxd6 35. Ne4 fxe4 36. fxe4 Raxa6 37. exd5 Ra2 38.
Re2 Kg7 39. Kh2 h5 40. Kg3 Ra3 41. Rexe3 Rxd5 42. Rxa3 bxa3 43. Rxa3 Rc5
44. Rb3 1/2-1/2

[Event "57th ch-RUS"]
[Site "Moscow RUS"]
[Date "2004.11.16"]
[Round "2"]
[White "Grischuk,A"]
[Black "Epishin,V"]
[Result "1/2-1/2"]
[WhiteElo "2704"]
[BlackElo "2599"]
[EventDate "2004.11.15"]

1. e4 c5 2. Nf3 e6 3. d4 cxd4 4. Nxd4 a6 5. c4 Bc5 6. Nb3 Be7 7. Nc3 d6 8.
Be2 Nf6 9. O-O b6 10. Be3 O-O 11. Qd2 Nc6 12. Rac1 Bd7 13. f3 h6 14. Rfd1
Ne5 15. Nd4 Qb8 16. Kh1 Re8 17. Bf1 Ra7 18. b3 Rb7 19. a4 Rc7 20. Ra1 Rec8
21. Rdc1 Rb7 22. Qa2 Be8 23. Rab1 Rbc7 24. Qa1 Bd8 25. Rb2 Nfd7 26. Rd1 Bf6
27. Qa3 Be7 28. Rbd2 Nf6 29. Qa2 Rb7 30. Bg1 Qc7 31. Nc2 Ra8 32. Rc1 Rbb8
33. Qb2 Rc8 34. Rdd1 Qb7 35. Nd4 Rab8 36. Qa2 Bd8 37. Re1 Nh5 38. Qf2 Nf6
39. Be2 Qe7 40. Qf1 Nc6 41. Nxc6 Rxc6 42. b4 a5 43. bxa5 bxa5 44. c5
1/2-1/2

[Event "57th ch-RUS"]
[Site "Moscow RUS"]
[Date "2004.11.16"]
[Round "2"]
[White "Bareev,E"]
[Black "Motylev,A"]
[Result "1/2-1/2"]
[WhiteElo "2715"]
[BlackElo "2651"]
[EventDate "2004.11.15"]

1. d4 Nf6 2. c4 g6 3. Nc3 Bg7 4. e4 d6 5. Be2 O-O 6. Bg5 c6 7. Nf3 Na6 8.
Qd2 Nc7 9. d5 Na6 10. Nd4 Bd7 11. O-O Nc5 12. f3 a5 13. Kh1 a4 14. Rab1 Qb8
15. Rfd1 Re8 16. Bf1 Rc8 17. b4 axb3 18. axb3 Na6 19. Nc2 c5 20. Re1 Re8
21. f4 Nb4 22. Nxb4 cxb4 23. Na2 e5 24. dxe6 Rxe6 25. Bxf6 Rxa2 26. Qxa2
Bxf6 27. c5 Bc3 28. Red1 Rxe4 29. Rxd6 Bc6 30. Rbd1 Kg7 31. Qf2 Qe8 32. Bc4
Qe7 33. Bd5 Re2 34. Qg1 Bb5 35. Rb6 Ba6 36. Bf3 Re3 37. c6 Rxf3 38. Rxa6
bxa6 39. gxf3 Qc7 40. Qc5 Qxf4 41. Qd5 Be5 42. Rd2 h5 43. Rc2 Bc7 44. Qe4
Qd6 45. Qe2 a5 46. Rc4 Kh7 47. Kg1 Qd5 48. Kg2 Qg5+ 49. Kh1 Qd5 50. Kg2
Qg5+ 51. Kh1 Qd5 52. Rc1 Qxb3 53. Rd1 Qc3 54. Rd7 Qc1+ 55. Kg2 Qg5+ 56. Kf1
Qc1+ 57. Kg2 Qf4 58. Qe4 Qxh2+ 59. Kf1 Bb6 60. Rxf7+ Kh6 61. Ke1 Qf2+ 62.
Kd1 Be3 63. Qd3 b3 64. Rf6 Qg1+ 65. Ke2 Qf2+ 66. Kd1 Qg1+ 67. Ke2 b2 68.
Rxg6+ Qxg6 69. Qxe3+ Kg7 70. Qe5+ Qf6 71. Qxf6+ Kxf6 72. c7 b1=Q 73. c8=Q
Qa2+ 74. Kf1 Qd5 75. Qh8+ Kg5 76. Kg2 Kh4 77. Qb2 Qg5+ 78. Kh1 Qf4 79. Qf2+
Kg5 80. Qc5+ Qf5 81. Qe3+ Kg6 82. Qb6+ Kf7 83. Qb7+ Ke8 84. Qb8+ Kd7
1/2-1/2

[Event "57th ch-RUS"]
[Site "Moscow RUS"]
[Date "2004.11.17"]
[Round "3"]
[White "Tseshkovsky,V"]
[Black "Morozevich,A"]
[Result "1-0"]
[WhiteElo "2577"]
[BlackElo "2758"]
[EventDate "2004.11.15"]

1. e4 e5 2. Nf3 Nc6 3. d4 exd4 4. Nxd4 Bc5 5. Nxc6 Qf6 6. Qf3 Qxf3 7. gxf3
bxc6 8. Rg1 Ne7 9. Be3 Bb6 10. c4 Bxe3 11. fxe3 O-O 12. f4 Rb8 13. b3 d6
14. Nc3 f6 15. c5 Be6 16. O-O-O Rfd8 17. Rd4 a5 18. Be2 f5 19. cxd6 cxd6
20. Rgd1 fxe4 21. Rxd6 Bd5 22. Rxd8+ Rxd8 23. Bg4 Rd6 24. Nxe4 Rg6 25. Nf2
h5 26. Bh3 Bf3 27. Rd8+ Kh7 28. e4 Rg1+ 29. Kd2 Bg4 30. Rd3 Ng6 31. Rg3 Ra1
32. Nxg4 hxg4 33. Bxg4 Rxa2+ 34. Ke3 Nf8 35. e5 Rb2 36. Kd4 Kg8 37. h4 a4
38. bxa4 Rb4+ 39. Ke3 Rxa4 40. h5 Ra3+ 41. Kf2 Ra2+ 42. Kf3 Ra3+ 43. Kg2
Ra4 44. f5 Ra5 45. Re3 Nd7 46. e6 Nf6 47. e7 Ra8 48. Bf3 Rc8 49. Re6 c5 50.
h6 c4 51. Rd6 Re8 52. Rd8 Kh7 53. Rxe8 Nxe8 54. Bh5 Nf6 55. e8=Q Nxe8 56.
Bxe8 Kxh6 57. Ba4 g6 58. f6 Kh7 59. Kg3 g5 60. Bc2+ Kh6 61. Kg4 c3 62. Kf5
g4 63. Kf4 1-0

[Event "57th ch-RUS"]
[Site "Moscow RUS"]
[Date "2004.11.17"]
[Round "3"]
[White "Svidler,P"]
[Black "Timofeev,Arty"]
[Result "0-1"]
[WhiteElo "2735"]
[BlackElo "2611"]
[EventDate "2004.11.15"]

1. e4 c5 2. Nf3 Nc6 3. d4 cxd4 4. Nxd4 Nf6 5. Nc3 e5 6. Ndb5 d6 7. Nd5 Nxd5
8. exd5 Nb8 9. c4 a6 10. Nc3 Be7 11. Bd3 O-O 12. O-O f5 13. f3 Bg5 14. Kh1
Nd7 15. b4 a5 16. a3 axb4 17. Bxg5 Qxg5 18. axb4 Rxa1 19. Qxa1 Qe3 20. Be2
Nb8 21. Qb2 Na6 22. Rb1 Bd7 23. Nd1 Qd4 24. Qxd4 exd4 25. Kg1 Rb8 26. b5
Nc5 27. Nf2 Ra8 28. Rd1 Ra4 29. Nh3 h6 30. Rxd4 Bxb5 31. g4 Bd7 32. Rd2
fxg4 33. fxg4 Nb3 34. Rb2 Nd4 35. Bf1 Bxg4 36. Nf2 Bf3 37. Nh3 Bg4 38. Nf2
Bf3 39. Nh3 g5 40. Kf2 Bg4 41. Ke3 Nf5+ 42. Kd2 Ra1 43. Bg2 Rd1+ 44. Kc3
Rc1+ 45. Kd3 Re1 46. Nf2 Re3+ 47. Kd2 Re2+ 48. Kc3 Rxb2 49. Kxb2 Ne3 50.
Kc3 Bf5 51. Be4 Bd7 52. Kd4 Nf5+ 53. Bxf5 Bxf5 54. c5 dxc5+ 55. Kxc5 Kf7
56. Kb6 Ke7 57. Kc7 b5 58. d6+ Ke8 59. Nd3 h5 60. Ne1 g4 61. Ng2 b4 62. Ne3
Be6 63. Nc2 h4 0-1

[Event "57th ch-RUS"]
[Site "Moscow RUS"]
[Date "2004.11.18"]
[Round "4"]
[White "Bareev,E"]
[Black "Dreev,A"]
[Result "1/2-1/2"]
[WhiteElo "2715"]
[BlackElo "2698"]
[EventDate "2004.11.15"]

1. d4 d5 2. c4 c6 3. Nf3 Nf6 4. e3 Bf5 5. Nc3 e6 6. Nh4 Bg6 7. Nxg6 hxg6 8.
Bd2 Nbd7 9. Rc1 Bd6 10. g3 Qe7 11. c5 Bc7 12. f4 Ba5 13. Nb1 Bxd2+ 14. Nxd2
Ne4 15. Nxe4 dxe4 16. h4 f5 17. Kf2 Nf6 18. Be2 Kf7 19. a3 a5 20. Qd2 Rhb8
21. Rc2 b5 1/2-1/2

[Event "57th ch-RUS"]
[Site "Moscow RUS"]
[Date "2004.11.18"]
[Round "4"]
[White "Korotylev,A"]
[Black "Epishin,V"]
[Result "1/2-1/2"]
[WhiteElo "2596"]
[BlackElo "2599"]
[EventDate "2004.11.15"]

1. d4 Nf6 2. c4 e6 3. Nf3 b6 4. a3 Bb7 5. Nc3 d5 6. cxd5 Nxd5 7. Bd2 Be7 8.
Qc2 O-O 9. e4 Nxc3 10. Bxc3 c5 11. dxc5 bxc5 12. Rd1 Qc7 13. Bd3 Nd7 14.
O-O Rfd8 15. Rfe1 h6 16. h3 Bf6 17. e5 Be7 18. Bh7+ Kh8 19. Be4 Rab8 20.
Qa4 Bxe4 21. Qxe4 Nb6 22. Nd2 Qb7 23. Qg4 Bf8 24. Ne4 Rxd1 25. Rxd1 Nd5 26.
Nd6 Qc7 27. Nc4 1/2-1/2

[Event "57th ch-RUS"]
[Site "Moscow RUS"]
[Date "2004.11.18"]
[Round "4"]
[White "Morozevich,A"]
[Black "Svidler,P"]
[Result "1/2-1/2"]
[WhiteElo "2758"]
[BlackElo "2735"]
[EventDate "2004.11.15"]

1. g3 d5 2. Bg2 Nf6 3. Nf3 g6 4. c4 d4 5. d3 a5 6. Na3 Nc6 7. Nb5 e5 8. O-O
Bg7 9. e3 dxe3 10. Bxe3 O-O 11. Re1 Be6 12. b3 Qc8 13. d4 exd4 14. Bf4 Ne8
15. Qd2 Qd7 16. Rad1 Bg4 17. Bh6 Rd8 18. Qf4 a4 19. h3 Bxf3 20. Bxf3 axb3
21. axb3 Bxh6 22. Qxh6 Ng7 23. Re4 Nf5 24. Qf4 Nd6 25. Nxd6 1/2-1/2

[Event "57th ch-RUS"]
[Site "Moscow RUS"]
[Date "2004.11.18"]
[Round "4"]
[White "Kasparov,G"]
[Black "Motylev,A"]
[Result "1/2-1/2"]
[WhiteElo "2813"]
[BlackElo "2651"]
[EventDate "2004.11.15"]

1. e4 e5 2. Nf3 Nf6 3. Nxe5 d6 4. Nf3 Nxe4 5. d4 d5 6. Bd3 Nc6 7. O-O Be7
8. c4 Nb4 9. Be2 O-O 10. a3 Nc6 11. cxd5 Qxd5 12. Nc3 Nxc3 13. bxc3 Bf5 14.
Re1 Rfe8 15. Bf4 Rac8 16. h3 h6 17. Nd2 Qd7 18. Nc4 Bd6 19. Qd2 Bxf4 20.
Qxf4 Re4 21. Qg3 Rce8 22. Ne3 R4e7 23. Bb5 a6 24. Bc4 Na5 25. Ba2 Be6 26.
d5 Bf5 27. Red1 Re5 28. Rd4 Qd6 29. Kh2 Bg6 30. a4 Re4 31. Qxd6 cxd6 32.
Rb4 Rc8 33. c4 Kf8 34. Rd1 Ke7 35. g4 Kd7 36. Kg3 Rce8 37. Rb2 h5 38. Bb1
R4e5 39. Bxg6 fxg6 40. c5 dxc5 41. Rb6 Rxe3+ 42. fxe3 Rxe3+ 43. Kf4 Rxh3
44. Rxg6 Rh4 45. Rxg7+ Kd6 46. Rg6+ Kd7 47. Rc1 b6 48. Rxb6 Rxg4+ 49. Kf3
c4 50. Rh1 Rg5 51. Rxa6 Nb3 52. Kf4 Rg4+ 53. Ke3 c3 54. Rc6 h4 55. Rb1 Rg3+
56. Kf4 Nd4 57. Rb7+ Kd8 58. Ra6 Kc8 59. Rh7 Kb8 60. Rb6+ Ka8 61. Ra6+ Kb8
62. Rb6+ Ka8 63. Rf6 Rg8 64. Ke4 c2 65. Rc7 Kb8 66. d6 Rc8 67. Kxd4 c1=Q
68. Rxc1 Rxc1 69. Kd5 Kc8 70. Rf8+ Kd7 71. Rf7+ Kd8 72. a5 Rd1+ 73. Kc6
Rc1+ 74. Kb7 Rb1+ 75. Ka7 h3 76. Rh7 Rb3 1/2-1/2

[Event "57th ch-RUS"]
[Site "Moscow RUS"]
[Date "2004.11.20"]
[Round "5"]
[White "Svidler,P"]
[Black "Grischuk,A"]
[Result "1/2-1/2"]
[WhiteElo "2735"]
[BlackElo "2704"]
[EventDate "2004.11.15"]

1. e4 c5 2. Nf3 Nc6 3. Bb5 g6 4. Bxc6 dxc6 5. d3 Bg7 6. h3 Nf6 7. Nc3 Nd7
8. Be3 e5 9. Qd2 h6 10. O-O Qe7 11. a3 Nf8 12. b4 Ne6 13. bxc5 Nxc5 14.
Rfe1 Ne6 15. a4 Kf8 16. a5 Kg8 17. Na4 Kh7 18. Qc3 Rd8 19. Rab1 Nd4 20.
Bxd4 exd4 21. Qc4 Qc7 22. Nc5 1/2-1/2

[Event "57th ch-RUS"]
[Site "Moscow RUS"]
[Date "2004.11.20"]
[Round "5"]
[White "Timofeev,Arty"]
[Black "Morozevich,A"]
[Result "1/2-1/2"]
[WhiteElo "2611"]
[BlackElo "2758"]
[EventDate "2004.11.15"]

1. e4 e5 2. Nf3 Nc6 3. Bb5 a6 4. Ba4 Nf6 5. O-O Be7 6. Re1 b5 7. Bb3 d6 8.
c3 O-O 9. d4 Bg4 10. Be3 Bh5 11. h3 Bg6 12. Nbd2 exd4 13. Nxd4 Nxd4 14.
Bxd4 Nh5 15. Bd5 Rc8 16. Bb7 Rb8 17. Bc6 Nf4 18. Nf3 Bh5 19. Ba7 Rc8 20.
Be3 Bxf3 21. gxf3 Bg5 22. Kh2 Ng6 23. Rg1 h6 24. Qd5 Qf6 25. Qf5 Bxe3 26.
fxe3 Qxf5 27. exf5 Ne5 28. Be4 c6 29. f6 g6 30. f4 Nc4 31. b3 Nb6 32. f5
Rfe8 33. Bh1 Rxe3 34. fxg6 Re2+ 35. Kg3 fxg6 36. Kf3 Rce8 37. Rxg6+ Kf7 38.
Rxh6 Nd5 39. Rf1 Re1 40. Kf2 R8e2+ 41. Kg1 Rxf1+ 42. Kxf1 Rxa2 43. Bxd5+
cxd5 44. Rh5 Rd2 45. Rf5 a5 46. Ke1 Rd3 47. b4 a4 48. Ke2 Rxc3 49. Rxd5 a3
50. Rxd6 Rxh3 51. Rd1 Kxf6 52. Kd2 Ke5 53. Kc2 Ke4 54. Rd8 a2 55. Kb2 Ra3
56. Ka1 Ra4 57. Rd7 Ke5 1/2-1/2

[Event "57th ch-RUS"]
[Site "Moscow RUS"]
[Date "2004.11.20"]
[Round "5"]
[White "Tseshkovsky,V"]
[Black "Bareev,E"]
[Result "0-1"]
[WhiteElo "2577"]
[BlackElo "2715"]
[EventDate "2004.11.15"]

1. e4 e6 2. d4 d5 3. Nc3 Nf6 4. Bg5 dxe4 5. Nxe4 Be7 6. Bxf6 Bxf6 7. Nf3
Nd7 8. Qd2 O-O 9. O-O-O Be7 10. Bd3 b6 11. h4 Bb7 12. Neg5 h6 13. Bh7+ Kh8
14. Be4 Bxg5 15. Nxg5 Qb8 16. Bxb7 Qxb7 17. d5 exd5 18. Rde1 Kg8 19. Re7
Nf6 20. Qc3 d4 21. Qg3 Qd5 22. Kb1 Rae8 23. Rxc7 hxg5 24. hxg5 Nh5 25. Qh4
g6 26. g4 Qe5 27. c3 Qe4+ 28. Kc1 Qf4+ 29. Kb1 Re2 0-1

[Event "57th ch-RUS"]
[Site "Moscow RUS"]
[Date "2004.11.20"]
[Round "5"]
[White "Epishin,V"]
[Black "Kasparov,G"]
[Result "1/2-1/2"]
[WhiteElo "2599"]
[BlackElo "2813"]
[EventDate "2004.11.15"]

1. d4 Nf6 2. c4 e6 3. Nc3 Bb4 4. e3 O-O 5. Nge2 d5 6. a3 Bd6 7. c5 Be7 8.
b4 c6 9. Nf4 b6 10. Be2 a5 11. Rb1 axb4 12. axb4 Ba6 13. O-O Nbd7 14. Bxa6
Rxa6 15. Bb2 Qc7 16. Nd3 Rfa8 17. f3 R6a7 18. Kh1 bxc5 19. bxc5 Rb8 20. Rc1
Qc8 21. Qc2 Rab7 22. Ra1 e5 23. Bc1 e4 24. fxe4 Nxe4 25. Nxe4 dxe4 26. Nb2
Nf6 27. Nc4 Qe6 28. Bd2 Bd8 29. Ba5 Bxa5 30. Rxa5 Nd5 31. h3 Nb4 32. Qe2
Nd3 33. Nb6 g6 34. Qa2 Qxa2 35. Rxa2 f5 36. g4 f4 37. exf4 Rd8 38. f5 Rxd4
39. Ra8+ Kf7 40. fxg6+ Kxg6 41. Rg8+ Rg7 42. Rc8 1/2-1/2

[Event "57th ch-RUS"]
[Site "Moscow RUS"]
[Date "2004.11.21"]
[Round "6"]
[White "Bareev,E"]
[Black "Svidler,P"]
[Result "1/2-1/2"]
[WhiteElo "2715"]
[BlackElo "2735"]
[EventDate "2004.11.15"]

1. d4 Nf6 2. c4 g6 3. Nc3 d5 4. Qb3 dxc4 5. Qxc4 Bg7 6. e4 O-O 7. Be2 Na6
8. Nf3 c5 9. d5 e6 10. O-O exd5 11. exd5 Nb4 12. Bg5 Nbxd5 13. Rad1 Nxc3
14. Rxd8 Nxe2+ 15. Qxe2 Rxd8 16. Qe7 Be6 17. Bxf6 Rd7 18. Qxc5 Bxf6 19. b3
b6 20. Qe3 Rd5 21. h3 Rad8 22. Re1 Kg7 1/2-1/2

[Event "57th ch-RUS"]
[Site "Moscow RUS"]
[Date "2004.11.21"]
[Round "6"]
[White "Grischuk,A"]
[Black "Timofeev,Arty"]
[Result "1/2-1/2"]
[WhiteElo "2704"]
[BlackElo "2611"]
[EventDate "2004.11.15"]

1. d4 Nf6 2. c4 g6 3. Nf3 Bg7 4. g3 d5 5. cxd5 Nxd5 6. Bg2 Nb6 7. Nc3 Nc6
8. e3 O-O 9. O-O Re8 10. d5 Na5 11. Nd4 Bd7 12. e4 c6 13. Re1 cxd5 14. exd5
Rc8 15. Bf4 h6 16. Be5 Bxe5 17. Rxe5 Nbc4 18. Re1 Nxb2 19. Qd2 Qb6 20. Ne6
g5 21. Re5 fxe6 22. Rxg5+ hxg5 23. Qxg5+ Kf7 24. Qh5+ Kg7 25. Qg5+ Kf7 26.
Qf4+ Kg7 27. Qg5+ 1/2-1/2

[Event "57th ch-RUS"]
[Site "Moscow RUS"]
[Date "2004.11.21"]
[Round "6"]
[White "Korotylev,A"]
[Black "Tseshkovsky,V"]
[Result "1/2-1/2"]
[WhiteElo "2596"]
[BlackElo "2577"]
[EventDate "2004.11.15"]

1. d4 Nf6 2. c4 c5 3. d5 b5 4. cxb5 a6 5. bxa6 g6 6. Nc3 Bxa6 7. e4 Bxf1 8.
Kxf1 d6 9. Nf3 Bg7 10. g3 O-O 11. Kg2 Nbd7 12. Re1 Ra6 13. h3 Qa8 14. Bf4
Rb8 15. Qc2 Rb4 16. a3 Rb8 17. Rad1 Nb6 18. Bc1 Nfd7 19. b3 Ne5 20. Nxe5
Bxe5 21. Nb1 Rc8 22. Nd2 Bg7 23. h4 c4 24. h5 cxb3 25. Qxb3 Nd7 26. Nf3 Rc3
27. Qb5 Qc8 28. h6 Rb6 29. Qe2 Rc2 30. Qe3 Rc3 31. Rd3 Rbb3 32. Rxc3 Rxc3
33. Qf4 Ne5 34. Nxe5 Bxe5 35. Qd2 Bxg3 36. Bb2 Be5 37. Bxc3 Bxc3 38. Qe2
Bxe1 39. Qxe1 Qg4+ 40. Kh2 Qf4+ 41. Kg2 Qg5+ 42. Kh3 Qxh6+ 43. Kg2 Qg5+ 44.
Kh3 Qh5+ 45. Kg2 Qg4+ 46. Kh2 Qf3 47. a4 Qa3 48. Qa5 Kg7 49. Qa7 Qb4 50. a5
Qxe4 51. a6 1/2-1/2

[Event "57th ch-RUS"]
[Site "Moscow RUS"]
[Date "2004.11.21"]
[Round "6"]
[White "Motylev,A"]
[Black "Epishin,V"]
[Result "1-0"]
[WhiteElo "2651"]
[BlackElo "2599"]
[EventDate "2004.11.15"]

1. e4 c5 2. Nf3 e6 3. d4 cxd4 4. Nxd4 a6 5. Bd3 Bc5 6. Nb3 Be7 7. Qg4 g6 8.
Qe2 d6 9. O-O Nd7 10. Na3 Kf8 11. Nc4 Kg7 12. Bd2 Ngf6 13. Bc3 Re8 14. f4
d5 15. Ne3 dxe4 16. Bxe4 e5 17. Ba5 b6 18. Bxa8 bxa5 19. f5 Qc7 20. Kh1 Nb6
21. Bf3 gxf5 22. g3 a4 23. Nd2 Bc5 24. Ndc4 Nxc4 25. Qxc4 Be6 26. Qc3 Qb6
27. Nc4 Bxc4 28. Qxc4 e4 29. Be2 Re5 30. Qxa6 Qxb2 31. Qxa4 Nd5 32. Qb3 Qa3
33. Qxa3 Bxa3 34. Rfb1 f4 35. Rb5 Kf6 36. Bc4 Ne3 37. Rxe5 Kxe5 38. gxf4+
Kxf4 39. Bxf7 Nxc2 40. Rf1+ Ke5 41. Rd1 Nd4 42. Bh5 e3 43. Kg2 Ke4 44. Kf1
Bb4 45. Be2 Bd2 46. Rb1 h5 47. Rb8 h4 48. Rg8 Kf5 49. a4 Ba5 50. Rh8 Nxe2
51. Kxe2 Kg4 52. Ra8 Bc7 53. a5 Kh3 54. a6 Bb6 55. Rh8 1-0

[Event "57th ch-RUS"]
[Site "Moscow RUS"]
[Date "2004.11.22"]
[Round "7"]
[White "Morozevich,A"]
[Black "Grischuk,A"]
[Result "1/2-1/2"]
[WhiteElo "2758"]
[BlackElo "2704"]
[EventDate "2004.11.15"]

1. c4 Nf6 2. Nf3 b6 3. g3 c5 4. Bg2 Bb7 5. O-O g6 6. Nc3 Bg7 7. Re1 Ne4 8.
Qc2 Nxc3 9. dxc3 d6 10. Bf4 Nd7 11. Rad1 Qc7 12. e4 Ne5 13. Nxe5 dxe5 14.
Be3 O-O 15. b4 e6 16. bxc5 bxc5 17. Qa4 Rfc8 18. Rb1 Bf8 19. Qa3 Qc6 20.
Rb3 Ba6 21. Bf1 Rcb8 22. Bg5 h6 23. Bf6 Bg7 24. Be7 Bf8 25. Bf6 Bg7 26. Be7
1/2-1/2

[Event "57th ch-RUS"]
[Site "Moscow RUS"]
[Date "2004.11.22"]
[Round "7"]
[White "Svidler,P"]
[Black "Korotylev,A"]
[Result "1-0"]
[WhiteElo "2735"]
[BlackElo "2596"]
[EventDate "2004.11.15"]

1. e4 c5 2. Nf3 d6 3. d4 cxd4 4. Nxd4 Nf6 5. Nc3 Nc6 6. Bg5 e6 7. Qd2 Qb6
8. O-O-O Be7 9. Nb3 O-O 10. f3 Rd8 11. Nb5 Rd7 12. Qe1 a6 13. N5d4 Rd8 14.
Be3 Qc7 15. Nxc6 Qxc6 16. g4 b5 17. Nd4 Qc7 18. Bd2 Nd7 19. Ba5 Nb6 20. h4
Bd7 21. g5 Rdc8 22. Kb1 Rab8 23. Bh3 Qb7 24. Bxb6 Qxb6 25. Qd2 Rc4 26. h5
Rbc8 27. f4 Qc7 28. Rh2 Rd8 29. Bf1 Rc5 30. Nb3 Rc6 31. Bd3 Bc8 32. Rg2 Bf8
33. g6 fxg6 34. hxg6 h6 35. Nd4 Rc5 36. c3 Qe7 37. Bc2 Kh8 38. Nf3 Rh5 39.
Ne5 Re8 40. Nf7+ Kg8 41. Qe2 Qh4 42. Rf2 d5 43. a3 dxe4 44. Bxe4 Rc5 45.
Qe3 Rc4 46. Rfd2 Bc5 47. Qf3 Be7 48. Ne5 Rc7 49. Rh1 Qf6 50. Ng4 Qf8 51.
Nxh6+ gxh6 52. g7 Qxg7 53. Rg2 Bf6 54. Rxh6 Kf8 55. Rxg7 Bxg7 56. Rh1 Rd8
57. Qe3 Rd6 58. Rg1 Bd7 59. f5 Be8 60. f6 Bxf6 61. Qh6+ Ke7 62. Rg8 1-0

[Event "57th ch-RUS"]
[Site "Moscow RUS"]
[Date "2004.11.24"]
[Round "8"]
[White "Epishin,V"]
[Black "Dreev,A"]
[Result "1/2-1/2"]
[WhiteElo "2599"]
[BlackElo "2698"]
[EventDate "2004.11.15"]

1. d4 d5 2. c4 c6 3. Nf3 Nf6 4. e3 Bf5 5. Nc3 e6 6. Nh4 Bg6 7. Nxg6 hxg6 8.
g3 Nbd7 9. Qe2 Bb4 10. Bg2 Nb6 11. cxd5 Bxc3+ 12. bxc3 cxd5 13. a4 Rc8 14.
O-O Nc4 15. Ba3 Ne4 16. Bxe4 dxe4 17. Rfb1 b6 18. a5 Nxa5 19. Bb4 Nc6 20.
c4 Qg5 21. Bd6 Qh5 22. g4 Qh3 23. Bg3 O-O 24. Rb5 f5 25. d5 exd5 26. gxf5
gxf5 27. Rxd5 Rf7 28. Rad1 Nb4 29. Rd8+ Rxd8 30. Rxd8+ Kh7 31. c5 bxc5 32.
Qb5 Nd3 33. Qe8 Qh5 1/2-1/2

[Event "57th ch-RUS"]
[Site "Moscow RUS"]
[Date "2004.11.24"]
[Round "8"]
[White "Bareev,E"]
[Black "Morozevich,A"]
[Result "1/2-1/2"]
[WhiteElo "2715"]
[BlackElo "2758"]
[EventDate "2004.11.15"]

1. d4 Nf6 2. c4 e6 3. Nc3 Bb4 4. e3 b6 5. Nge2 Bb7 6. a3 Bd6 7. Qd3 c5 8.
e4 cxd4 9. Nxd4 O-O 10. Bg5 h6 11. Bh4 Be5 12. Be2 Na6 13. b4 Nc7 14. O-O
d5 15. exd5 exd5 16. Rad1 Rc8 17. cxd5 Ncxd5 18. Nxd5 Qxd5 19. Bf3 Ne4 20.
Rfe1 Qxd4 21. Qxd4 Bxd4 22. Rxd4 f5 23. g4 Rce8 24. Bxe4 Bxe4 25. gxf5 Bxf5
26. Rxe8 Rxe8 27. Rd8 Kf7 28. Rxe8 Kxe8 29. a4 Kd7 1/2-1/2

[Event "57th ch-RUS"]
[Site "Moscow RUS"]
[Date "2004.11.25"]
[Round "9"]
[White "Svidler,P"]
[Black "Motylev,A"]
[Result "0-1"]
[WhiteElo "2735"]
[BlackElo "2651"]
[EventDate "2004.11.15"]

1. e4 e5 2. Nf3 Nc6 3. Bb5 a6 4. Ba4 Nf6 5. O-O Nxe4 6. d4 b5 7. Bb3 d5 8.
dxe5 Be6 9. Nbd2 Nc5 10. c3 Be7 11. Bc2 d4 12. Nb3 d3 13. Bb1 Nxb3 14. axb3
Bf5 15. Be3 O-O 16. Re1 Qd5 17. Bd4 Rfd8 18. Re3 Nxd4 19. cxd4 c5 20. Bxd3
cxd4 21. Re2 Qe6 22. h3 Rac8 23. Ne1 Rc6 24. Qb1 Bxd3 25. Qxd3 h6 26. f4
Qc8 27. Nf3 Rc1+ 28. Re1 Qc2 29. Qxc2 Rxc2 30. e6 fxe6 31. Rxe6 Bc5 32. Kh2
d3 33. Rd1 d2 34. Kg3 Rd3 35. Kg4 Bb4 36. Re8+ Kh7 37. f5 Rc1 38. Ne5 Re3
0-1